000
00273 a2200109 4500
090
_c
3950
_d
3950
100
_a
Praktik Patel
245
_a
JAVA Database Programming with JDBC
250
_a
2nd Ed
260
_a
Dreamtech Press
_b
New Delhi
_c
2000
942
_a
NBS
_c
BK
_k
005.3 PAT
999
_c
346410
_d
346410